000 00591nam a2200193 a 4500
001 000022852
005 20200930021833.0
008 101119s1969 mx r 000 0 spa d
040 _aDO-SdBNP
_bspa
_cBNPHU
082 _aNNNN
_bF911a
100 1 _aFriedrich, Carl J.
_946963
240 1 0 _aAuthority.
_lEspañol.
245 1 3 _aLa autoridad /
_cCarl J. Friedrich.
260 _aMéxico :
_bRoble,
_c1969.
300 _a281 p. ;
_c20 cm.
504 _aIncluye referencias bibliográficas y notas al pie de las páginas.
534 _pTítulo de la obra original:
_tAuthority.
049 _aBNGR
999 _c22349
_d22349